000 01010cam a2200229 4500
001 ABS63568
008 000000n2001 000 0 eng u
035 _a(Sirsi) u111231
100 _aTaylor, C.
245 _aEnvironmental due diligence for commercial property
260 _c2001
490 _aSolicitors' Journal
_v145(7) 23 February 2001, 152-156(5)
520 _aReviews the available options for commercial property developers increasingly required to build on brownfield land. There is a growing demand for effective risk assessment processes. Lists the differences between the main commercial risk screening services, and report suitability for different commercial sites.
590 _aABS
650 _aDUE DILIGENCE REPORTS
650 _aENVIRONMENTAL RISK ASSESSMENT
650 _aBROWNFIELD SITES
650 _aPROPERTY-COMMERCIAL PROPERTY-COMMERCIAL PROPERTY DEVELOPMENT
650 _aENVIRONMENTAL PROTECTION ACT 1990 S78
690 _aENVIRONMENT-AUDIT/ASSESSMENT
942 _n0
999 _c66275
_d66275